000 00442nam a2200157Ia 4500
008 210716s2003 xx 000 0 und d
020 _a8178665980
041 _aeng
082 _a658.4 ASWK
100 _aAswathappa, K.
245 _aOrganisational behaviour: text cases and games.
_bText cases and games.
250 _a11
260 _aMumbai
_bHimalaya Publishing House
_c2003
300 _a766/2014
650 _aOrganisational Behavior
999 _c209033
_d209033